00529nam a2200193Ia 4500003000400000008004100004040001600045082001500061100002400076245006200100700002500162260003800187300001000225650001800235650002200253650002200275650001900297650001900316GCL140319s9999 xx 000 0 eng d aGCL / cGCL04a892.7bH I1 aHAFIDH, YASSEN TAHA10aTRAQI SHORT STORIES: AN ANTHOLOGY / cHAFIDH, YASSEN TAHA1 aAL-DILAIMI, LUTFIYAN a[S.N] : bDAR AL- MAMUN ، c1988 a426 P04aSHORT STORIES04aARABIC LITERATURE04aIRAQ - LITERATURE04aIRAQ - STORIES04aARABIC STORIES